Niektoré problémy pri evidencii tržieb elektronickou registračnou pokladnicou vo vzťahu k dani z pridanej hodnoty
Vystavenie dokladu elektronickou registračnou pokladnicou a vystavenie zjednodušeného daňového dokladu. Úhrada vystavenej a zaúčtovanej faktúry v hotovosti. Stornovanie zaúčtovanej faktúry. Stornovanie prijatej úhrady v elektronickej registračnej pokladnici. Predaj tovaru, ktorého vlastníkom je plat...
Guardado en:
| Autor principal: | |
|---|---|
| Formato: | Capítulo de libro |
| Lenguaje: | eslovaco |
| Materias: | |
| Etiquetas: |
Sin Etiquetas, Sea el primero en etiquetar este registro!
|
MARC
| LEADER | 00000naa a2200000 4500 | ||
|---|---|---|---|
| 001 | r018773 | ||
| 005 | 20221213100134.4 | ||
| 041 | 0 | |a slo | |
| 044 | |a SK | ||
| 245 | 1 | 0 | |a Niektoré problémy pri evidencii tržieb elektronickou registračnou pokladnicou vo vzťahu k dani z pridanej hodnoty |c Ján Minársky |
| 520 | |a Vystavenie dokladu elektronickou registračnou pokladnicou a vystavenie zjednodušeného daňového dokladu. Úhrada vystavenej a zaúčtovanej faktúry v hotovosti. Stornovanie zaúčtovanej faktúry. Stornovanie prijatej úhrady v elektronickej registračnej pokladnici. Predaj tovaru, ktorého vlastníkom je platiteľ dane, neplatiteľom dane. | ||
| 610 | 2 | 0 | |a pokladnice kontrolné |
| 610 | 2 | 0 | |a dane |
| 610 | 2 | 0 | |a fakturovanie |
| 610 | 2 | 0 | |a predaj |
| 100 | 1 | |a Minársky, Ján | |